Histórias da floresta dos gnomos dos gigantes e das fadas (Registo nº 4605)

Detalhes MARC
000 -Etiqueta do registo
Cabeçalho 00776nam0a2200253 4500
005 - Identificador da versão
Campo de controlo 20240813122106.0
095 ## -
-- PTBN00471790
010 ## - Número internacional normalizado dos livros (ISBN)
Número (ISBN) 972261097X
100 ## - Dados gerais de processamento
Dados gerais de processamento 20170310d1988 a y0pory5003 ba
102 ## - Pais de publicação ou produção
País de publicação Portugal
101 1# - Língua de publicação
Língua do texto, banda sonora, etc. Português
Língua do documento no original Italiano
215 ## - Descrição física 
Indicação específica da natureza do documento e extensão da espécie 41, [5] p.
Outras indicações físicas il. color
200 1# - Titulo e menção de responsabilidade
Título próprio Histórias da floresta dos gnomos dos gigantes e das fadas
Primeira menção de responsabilidade Tony Wolf
225 1# - Colecção 
Título próprio da colecção Histórias da floresta
Indicação de volume 4
210 ## - Publicação, Distribuição, etc. 
Lugar da edição, distribuição, etc. [S. l.]
Nome do editor, distribuidor, etc. Civilização
Data da publicação, distribuição, etc. [1988?]
Data da impressão imp. 1988
314 ## - Notas relativas a responsabilidade intelectual 
Texto da nota Tony Wolf é pseudónimo de António Lupatelli
606 ## - Nome comum usado como assunto
Número de registo de entrada de autoridade 0001426
Palavra de ordem Literatura italiana
Subdivisão de assunto Conto
Código do sistema CA
675 ## - Classificação Decimal Universal (CDU)
Notação 821.131.1-34
Edição 3ª ed.
Língua da edição por
700 #1 - Nome de autor-pessoa física (responsabilidade principal)
Número de registo de entrada de autoridade 0001752
Palavra de ordem Wolf
Outra parte do nome não tomada para palavra de ordem Tony
Elementos de identificação ou distinção pseud.
Datas 1930-
966 ## - Identificação da Biblioteca
Sigla EBVEN
942 ## - Elementos de entrada adicionados (Koha)
Tipo de item no Koha Livro
Exemplares
Situação do levantamento Origin of item (home branch) (coded) Biblioteca de empréstimo Código de barras Cota Circulation type (not for loan) Tipo de documento Nota do exemplar Damaged status
  Biblioteca Escolar das Vendas Biblioteca Escolar das Vendas BEV1935 8EST WOL   Livro Sem mensagem